| 000 | 00630nam a2200217 a 4500 | ||
|---|---|---|---|
| 001 | 493 | ||
| 003 | CDMR | ||
| 005 | 20131212161820.0 | ||
| 008 | 130130s1977||||||||||||||||||||||||||||d | ||
| 020 | _a0710085125 | ||
| 040 |
_aCDMR _bcat _cCDMR |
||
| 100 | 1 |
_aBarnes, Douglas _9351 |
|
| 245 | 1 | 0 |
_aCommunication and learning in small groups _cDouglas Barnes and Frankie Todd |
| 260 |
_aLondon [etc.] _c1977 _bRoutledge & Kegal Paul |
||
| 300 | _a138 p. | ||
| 490 | 0 | _aRoutledge Direct Editions | |
| 650 | 0 | 4 |
_94507 _aComunicació en l'educació |
| 650 | 0 | 4 |
_93130 _aComunicació oral |
| 700 | 1 |
_94522 _aTodd, Frankie |
|
| 942 |
_cMON _2udc |
||
| 999 |
_c493 _d493 |
||